000 00521nmm a2200181Ia 4500
008 251105s9999||||xx |||||||||||||||||und||
041 _aspa
100 _aGola, Hugo
245 0 _aFiltraciones :
_b Poemas reunidos
264 _a[México D.C., Mexico] :
_bFondo de Cultura Económica,
_c2016
300 _a360 páginas
490 _aTierra Firme
650 _aLatin American poetry
700 _aGola, Hugo
700 1 _a Saer, Juan José
856 _uhttps://public.digitaliapublishing.com/a/64453
942 _cCF
999 _c66192
_d66192